01532nam a2200361 a 4500001001200000003000800012006001900020007001500039008004100054010001700095020002700112020001800139020002700157040002100184035002100205043001200226050002600238082002000264245021400284260009700498300002900595490005200624504004100676533015200717650002600869655002900895700002700924710001600951710001700967830004100984856012601025999001901151ebr10476326CaPaEBRm u cr cn|||||||||110323s2011 dcuab sb i000 0 eng d z 2011012880 z9780821387627 (e-ISBN) z9780821387610 z9780821387627 (e-book) aCaPaEBRcCaPaEBR a(OCoLC)738499415 af-za---14aRA395.Z33bH86 2011eb04a362.109689422304aThe human resources for health crisis in Zambiah[electronic resource] :ban outcome of health worker entry, exit, and performance within the national health labor market /cChristopher H. Herbst ... [et al.]. aWashington, D.C. :bInternational Bank for Reconstruction and Development/World Bank,c2011. axiv, 91 p. :bill., map.1 aWorld Bank working paper,x1726-5878 ;vno. 214 aIncludes bibliographical references. aElectronic reproduction.bPalo Alto, Calif. :cebrary,d2013.nAvailable via World Wide Web.nAccess may be limited to ebrary affiliated libraries. 0aMedical carezZambia. 7aElectronic books.2local1 aHerbst, Christopher H.2 aWorld Bank.2 aebrary, Inc. 0aWorld Bank working paper ;vno. 214.40uhttp://site.ebrary.com/lib/rucke/Doc?id=10476326zAn electronic book accessible through the World Wide Web; click to view c215100d215100